Brasil Dialogo con Pedro Tierra

Bewaard in:
Bibliografische gegevens
Formaat: Texto
Tags: Voeg label toe
Geen labels, Wees de eerste die dit record labelt!

MARC

LEADER 00000 a a2200000 04500
001 17591
003
040
245 |a Brasil Dialogo con Pedro Tierra  
500 |a También conocida como servicio mensual de información y documentación  
773 |g volumen 12, número 100; páginas 24  
999 |c 30916  |d 30916